02233 2201141 4500001002100000005001500021035002000036245005900056100002200115250000600137300003500143856001700178260003300195082001100228084001700239020001800256600001700274990001000291990001000301990001000311990001000321990001000331990001000341990001000351990001000361990001000371990001000381990001000391990001000401990001000411990001000421990001000431990001000441990001000451990001000461990001000471990001000481990001000491990001000501990001000511990001000521990001000531990001000541990001000551990001000561990001000571990001000581990001000591990001000601990001000611990001000621990001000631990001000641990001000651990001000661990001000671990001000681990001000691990001000701990001000711990001000721990001000731990001000741990001000751990001000761990001000771990001000781990001000791990001000801990001000811990001000821990001000831990001000841990001000851990001000861990001000871990001000881990001000891990001000901990001000911990001000921990001000931990001000941990001000951990001000961990001000971990001000981990001000991990001001001990001001011990001001021990001001031990001001041990001001051990001001061990001001071990001001081INLIS00000000000124820201115033055 a0010-11200000081 aAsas Teknik Kimia :bTeknik kimia /cPangajuanto teguh0 aTeguh Pangajuanto a1 a166hal :bilus ;c23cmekertas aIlmu terapan aMalang :bQuantum Boo,c2020 a660.02 a660.02 TEG a a9796237591450 4ateknik kimia a11114 a11115 a11116 a11117 a11118 a11119 a11120 a11121 a11122 a11123 a11124 a11125 a11126 a11127 a11128 a11129 a11130 a11131 a11132 a11133 a11134 a11135 a11136 a11137 a11138 a11139 a11140 a11141 a11142 a11143 a11144 a11145 a11146 a11147 a11148 a11149 a11150 a11151 a11152 a11153 a11133 a11114 a11115 a11116 a11117 a11118 a11119 a11120 a11121 a11122 a11123 a11124 a11125 a11126 a11127 a11128 a11129 a11130 a11131 a11132 a11134 a11135 a11136 a11137 a11138 a11139 a11140 a11141 a11142 a11143 a11144 a11145 a11146 a11147 a11148 a11149 a11150 a11151 a11152 a11153